00889pam a2200277 a 4500001000500000005001700005020001500022040002300037050002500060082001500085100002000100245009700120250004600217260003400263300004700297500002700344505000800371520005200379521002000431521002000451650003200471650003300503650002300536650002100559700003100580166820260311082141.0 a0590424912 aDLCcDLCdDLCbeng00aPS3566.R36bT97 198800a811.542191 aPrelutsky, Jack10aTyrannosaurus was a beast bdinosaur poems cby Jack Prelutsky ; illustrated by Arnold Lobel aFirst Scholastic printing, September 1989 bScholastic,c1988aNew York : a31 pages : bColor illustrations ;c21 cm  aIll. on lining papers. aK  aA collection of humorous poems about dinosaurs. a510 bLexile  aK bRaz-Plus  0aDinosaursxJuvenile poetry. 0aChildren's poetry, American. 1aDinosaursxPoetry. 1aAmerican poetry.1 aLobel, Arnoldeillustrator